Revue générale des sciences pures et appliquées / (Record no. 2077)

MARC details
000 -LEADER
campo de control de longitud fija 00797nas a2200217 i 4500
001 - NÚMERO DE CONTROL
campo de control 2077
003 - IDENTIFICADOR DE NÚMERO DE CONTROL
campo de control ES-MaACL
005 - FECHA Y HORA DE LA ÚLTIMA TRANSACCIÓN
campo de control 20250814013818.0
007 - CAMPO FIJO DE DESCRIPCIÓN FÍSICA--INFORMACIÓN GENERAL
campo de control de longitud fija t|
008 - DATOS DE LONGITUD FIJA--INFORMACIÓN GENERAL
campo de control de longitud fija 950801d18901947fr | | 1 ||re d
080 ## - NÚMERO DE LA CLASIFICACIÓN DECIMAL UNIVERSAL
Número de la Clasificación Decimal Universal 44
245 00 - MENCIÓN DEL TÍTULO
Título Revue générale des sciences pures et appliquées /
Mención de responsabilidad, etc. dir. Louis Oliver.
260 ## - PUBLICACIÓN, DISTRIBUCIÓN, ETC.
Lugar de publicación, distribución, etc. Paris :
Nombre del editor, distribuidor, etc. G. Carre et C. Naud,
Fecha de publicación, distribución, etc. 1890-1947 (
Fabricante Louis Maretheux)
300 ## - DESCRIPCIÓN FÍSICA
Extensión 34 v. ;
Dimensiones 30 cm.
362 0# - FECHAS DE PUBLICACIÓN Y/O DESIGNACIÓN SECUENCIAL
Fecha de publicación y/o designación secuencial Vol. 1, n° 1 (1890)-n.s., vol. 54, n°9/10 (1947)
650 17 - PUNTO DE ACCESO ADICIONAL DE MATERIA--TÉRMINO DE MATERIA
Término de materia o nombre geográfico como elemento de entrada Ciencias
Fuente del encabezamiento o término embne
9 (RLIN) 10971
700 1# - ENTRADA AGREGADA--NOMBRE PERSONAL
Nombre de persona Olivier, Louis,
Término indicativo de función/relación
9 (RLIN) 194375
852 ## - LOCALIZACIÓN
Ubicación ES-MaACL
Número de control de estantería Hem-214
866 #0 - MENCIÓN TEXTUAL DE FONDOS--UNIDAD BIBLIOGRÁFICA BÁSICA
Fondos 1897-1934(1935f.n.15feb.y 31may.y 31dic.)(1936f.n.15ago.y 15dic.)1937(1938.feb.y31mar.)(1939f.n.15ene.y28feb.y15abr.)1940(1941f.dic.)(1942-45).
Holdings
Estatus retirado Estado de pérdida Estado de daño No para préstamo Colección Biblioteca de origen Biblioteca actual Ubicación en estantería Fecha de adquisición Fuente de adquisición Total de préstamos Signatura topográfica completa Código de barras Visto por última vez Precio de reemplazo Tipo de ítem Koha
        Periódicos y Revistas Biblioteca del Ateneo de Madrid Biblioteca del Ateneo de Madrid Depósito 1 17/01/2008     Hem-214 1002116 23/02/2023 23/02/2023 Revista